000 00724nam a2200217 i 4500
001 148228
003 ES-MaACL
005 20250911063555.0
007 t|
008 070214s1985 sp a |||| |bspa d
020 _a84-86383-03-X
100 1 _aStanley, Henry M.,
_d1841-1904
_9107904
245 1 0 _aViaje en busca del doctor Livingstone al centro de Africa /
_cHenry Morton Stanley.
260 _aMadrid :
_bAdalia,
_c1985.
300 _a277 p. :
_bil. ;
_c22 cm.
600 1 4 _aLivingstone, David (
_d1813-1873)
_9128982
600 1 4 _aStanley, Henry M.,
_d1841-1904
_9107904
651 4 _aÁfrica central-
_xDescubrimientos y exploraciones.
_9137404
852 _aES-MaACL
_jL-10491
999 _c148228
_d148228